Emotional Intelligence for Leadership Learn How to Manage and Influence People, Improving Communication and Leadership Skills with The Power of Emotional Intelligence

Salvato in:
Dettagli Bibliografici
Autore principale: Feel, Adam
Natura: Libro
Lingua:inglese
Pubblicazione: [S.l.] [s.n.] [2019]
Soggetti:
Tags: Aggiungi Tag
Nessun Tag, puoi essere il primo ad aggiungerne!!

MARC

LEADER 00000nam a2200000 4500
001 0259198
005 20240221112711.9
020 |a 9781689714204 
041 0 |a eng 
044 |a GB 
245 1 0 |a Emotional Intelligence for Leadership  |b Learn How to Manage and Influence People, Improving Communication and Leadership Skills with The Power of Emotional Intelligence  |c Adam Feel 
264 1 |a [S.l.]  |b [s.n.]  |c [2019] 
300 |a 184 s. 
610 2 0 |a manažéri 
610 2 0 |a pracovníci riadiaci 
610 2 0 |a vodcovstvo 
610 2 0 |a vedenie ľudí 
610 2 0 |a komunikácia 
610 2 0 |a zručnosti 
610 2 0 |a emócie 
610 2 0 |a inteligencia 
610 2 0 |a schopnosti pracovné 
100 1 |a Feel, Adam